Statistics for Upper Middle Income Countries

Click here to take the quiz!

General Stats

  • This quiz has been taken 22 times
  • The average score is 33 of 53

Answer Stats

Answer% Correct
Mexico
90%
South Africa
81%
Thailand
81%
Turkey
81%
Bulgaria
76%
Colombia
76%
Malaysia
76%
Paraguay
76%
Peru
76%
Russia
76%
Argentina
71%
Azerbaijan
71%
Brazil
71%
China
71%
Cuba
71%
Dominican Republic
71%
Georgia
71%
Guyana
71%
Iraq
71%
Albania
67%
Armenia
67%
Belarus
67%
Bosnia and Herzegovina
67%
Ecuador
67%
Kazakhstan
67%
Moldova
67%
Montenegro
67%
North Macedonia
67%
Suriname
67%
Fiji
62%
Kosovo
62%
Mauritius
62%
Serbia
62%
Turkmenistan
62%
Costa Rica
57%
Dominica
57%
Jamaica
57%
Jordan
57%
Saint Lucia
57%
Saint Vincent and the Grenadines
57%
Belize
52%
Gabon
52%
Grenada
52%
Guatemala
52%
Palau
52%
Botswana
48%
Libya
48%
Maldives
48%
Namibia
48%
Marshall Islands
38%
Tonga
38%
Tuvalu
33%
Equatorial Guinea
24%

Score Distribution

Percentile by Number Answered

Percent of People with Each Score

Your Score History

You have not taken this quiz